00811nam a22002297a 45000010005000000030006000050050017000110080041000280200018000690400029000870500008001160820012001241000017001362450049001532600038002023000043002405050007002835200203002905210028004935210019005216500041005405536FISKH20241217105351.0241217b cb ||||| |||| 00| 0 eng d a9781408343050 aFISKHbengcFISKHdFISKH aPZ7 a823.92  aBlade, Adam  aBeast quest: bOspira the savage sorceress / aOrchard Book : bLondon : c2018  a187 pages ; bIllustrations ; c20 cm  aO  aThe spirit of an ancient Beast has risen. Ospira is on the rampage and King Hugo's baby son, Prince Thomas, is in danger! Join Tom and Elenna as they battle to rescue the prince and defend Avantia. 8 a640 bLexile estimate 8 aO bRaz-Plus  aBattles Beast vAdventure xSurvive